| 000 | 00361nam a2200145Ia 4500 | ||
|---|---|---|---|
| 008 | 210716s1989 xx 000 0 und d | ||
| 041 | _aeng | ||
| 082 | _a005.134 MATR | ||
| 100 | _aMathur, Rajiv. | ||
| 245 | _aDbase lll plus for beginners. | ||
| 250 | _a1 | ||
| 260 |
_aNew Delhi _bGalgotia Publication Pvt Ltd _c1989 |
||
| 300 | _axix,478 | ||
| 650 | _aNone | ||
| 999 |
_c181164 _d181164 |
||